| 000 | 00694nam a22002537a 4500 | ||
|---|---|---|---|
| 003 | 0 | ||
| 005 | 20180725123032.0 | ||
| 008 | 0 | ||
| 010 | _aB-019751 | ||
| 020 |
_c00.00 _a818731754 |
||
| 035 | _aB-019751, B-019752 | ||
| 037 | _bCen Lib/Ret | ||
| 040 |
_aDPL _bEN _c0 |
||
| 082 |
_a370 _bRAO |
||
| 100 |
_aRao, V. K. _91596 |
||
| 245 |
_aHandbook of primary, secondary and higher education / _cby V. K. Rao |
||
| 260 |
_aDelhi _bRajat Publications _c1999 |
||
| 270 |
_bDelhi _a4/32, Geeta Colony _e110031 |
||
| 300 |
_a356p. _c21cm(Hb) |
||
| 500 | _aIncludes index | ||
| 650 |
_aEducation _91169 |
||
| 650 |
_aHigher education _910182 |
||
| 942 |
_2ddc _cEN _h370 _mRAO |
||
| 999 |
_c126337 _d126337 |
||